Bibliografía de la Cruz Roja Española / (Record no. 48006)

MARC details
000 -LEADER
campo de control de longitud fija 00792nam a22002175i 4500
001 - NÚMERO DE CONTROL
campo de control 48006
003 - IDENTIFICADOR DE NÚMERO DE CONTROL
campo de control ES-MaACL
005 - FECHA Y HORA DE LA ÚLTIMA TRANSACCIÓN
campo de control 20230906161656.0
007 - CAMPO FIJO DE DESCRIPCIÓN FÍSICA--INFORMACIÓN GENERAL
campo de control de longitud fija t|
008 - DATOS DE LONGITUD FIJA--INFORMACIÓN GENERAL
campo de control de longitud fija 990602s1905 sp b 00110 spa
100 1# - ENTRADA PRINCIPAL--NOMBRE DE PERSONA
Nombre de persona Criado y Domínguez, Juan Pedro.
9 (RLIN) 41609
245 10 - MENCIÓN DEL TÍTULO
Título Bibliografía de la Cruz Roja Española /
Mención de responsabilidad, etc. por… Don Juan Pedro Criado y Domínguez.
250 ## - MENCION DE EDICION
Mención de edición Nueva ed. completamente refundida y adicionada.
260 ## - PUBLICACIÓN, DISTRIBUCIÓN, ETC.
Lugar de publicación, distribución, etc. Madrid :
Nombre del editor, distribuidor, etc. [s.n.],
Fecha de publicación, distribución, etc. 1905 (
Fabricante Imp. y lit. de Ernesto Catalá)
300 ## - DESCRIPCIÓN FÍSICA
Extensión 304 p. ;
Dimensiones 28 cm.
500 ## - NOTA GENERAL
Nota general Índices.
530 ## - NOTA DISPONIBLE DE FORMULARIO FÍSICO ADICIONAL
Nota de formato físico adicional disponible Disponible en formato digital.
610 24 - PUNTO DE ACCESO ADICIONAL DE MATERIA--NOMBRE DE ENTIDAD CORPORATIVA
Nombre de entidad corporativa o nombre de jurisdicción como elemento de entrada Cruz Roja Española-
Subdivisión de forma Bibliografías.
9 (RLIN) 3323
852 ## - LOCALIZACIÓN
Ubicación ES-MaACL
Número de control de estantería T-1069-F-9
856 ## - LOCALIZACIÓN Y ACCESO ELECTRÓNICOS
Identificador Uniforme de Recursos <a href="http://bdh-rd.bne.es/viewer.vm?id=0000189464&page=1 ">http://bdh-rd.bne.es/viewer.vm?id=0000189464&page=1 </a>
Nota pública Biblioteca Digital Hispánica
Holdings
Estatus retirado Estado de pérdida Estado de daño No para préstamo Colección Biblioteca de origen Biblioteca actual Ubicación en estantería Fecha de adquisición Fuente de adquisición Total de préstamos Signatura topográfica completa Código de barras Visto por última vez Precio de reemplazo Tipo de ítem Koha
        Colección de folletos Biblioteca del Ateneo de Madrid Biblioteca del Ateneo de Madrid Depósito folletos 17/01/2008     T-1069-F-9 1050521 23/02/2023 23/02/2023 Folleto